| 000 | 00850nam a2200289Ia 4500 | ||
|---|---|---|---|
| 001 | Para_5582 | ||
| 003 | CHAP | ||
| 008 | 220125s1997 xx 000 0 und d | ||
| 010 | _a204049 | ||
| 040 | _cCHAP | ||
| 082 | _aPA 632.58 D4 | ||
| 100 |
_aDe Prado, R. _9170082 |
||
| 245 |
_aWeed and crop resistance to herbicides / _c by R. De Prado, J. Jorrín and L. García-Torres |
||
| 260 |
_aDordrecht : _b Kluwer Academic Publishers |
||
| 300 | _a340 p. | ||
| 650 |
_aMalas hierbas _x competencia _970009 |
||
| 650 |
_aMalas hierbas _x resistencia herbicidas _9164945 |
||
| 700 |
_aGarcía _xTorres, L. _9170083 |
||
| 700 |
_aJorrín, J. _9170084 |
||
| 901 | _aPA 632.58 D4 | ||
| 902 | _aA | ||
| 905 | _a0000001997 n 0000000000 00 | ||
| 910 | _a1997 | ||
| 942 | _cPARA | ||
| 942 |
_cPARA _d1 |
||
| 999 |
_c204049 _d204049 |
||